| 000 | 01000 a2200277 4500 | ||
|---|---|---|---|
| 005 | 20081006124514.0 | ||
| 008 | 081006t xxu||||| |||| 00| 0 eng d | ||
| 010 | _aENG-91166 | ||
| 020 |
_a9780070264779 _c275.00 |
||
| 020 | _a0070264775 | ||
| 035 | _aEN-74699 | ||
| 037 | _bDBAD / PUB | ||
| 040 |
_adpl _bEnglish |
||
| 082 | _a177.62 | ||
| 100 | _aFraser, George C. | ||
| 245 |
_aClick: _cby George C. Fraser _bten truths for building extraordinary relationships / |
||
| 260 |
_aNew Delhi _bTata Mc-Graw Hill Publishing _c2008 |
||
| 270 |
_a7, West Patel Nagar _bNew Delhi _e110 008 |
||
| 300 |
_axL, 213p. _c23cm. (pbk.) |
||
| 500 | _aIncludes index | ||
| 650 | _2Business networks | ||
| 650 | _2Interpersonal relations | ||
| 650 | _2International attractions | ||
| 942 |
_adpl _cEN _2ddc _mFRA _h177.62 |
||
| 999 |
_c16264 _d16264 |
||